Normal view
MARC view
Entry Personal Name
001 - CONTROL NUMBER
- control field: 14347
003 - CONTROL NUMBER IDENTIFIER
- control field: OSt
005 - DATE AND TIME OF LATEST TRANSACTION
- control field: 20191207123211.0
008 - FIXED-LENGTH DATA ELEMENTS
- fixed length control field: 191207|| aca||aabn | a|a d
040 ## - CATALOGING SOURCE
- Original cataloging agency: OSt
- Transcribing agency: OSt
100 ## - HEADING--PERSONAL NAME
- Personal name: Heibreder, Eva G. et al
670 ## - SOURCE DATA FOUND
- Source citation: Work cat.: (OSt): Heibreder, Eva G. et al, EU referendums in context: What can we learn from the Swiss case?
